[Event "Eastpointe (US Am N/4/43)"]
[Site "?"]
[Date "1994.??.??"]
[Round "?"]
[White "Prince, S."]
[Black "Koernke, J."]
[Result "1-0"]
[WhiteElo "1605"]
[BlackElo "1605"]
[PlyCount "71"]
[EventDate "1994.??.??"]

{4/(43)} 1. d4 d5 2. c4 e6 3. Nc3 Nf6 4. Bg5 Bb4 5. e3 Bxc3+ 6. bxc3 O-O 7. Nf3
Qd6 8. Bxf6 gxf6 9. c5 Qe7 10. Bd3 b6 11. Qc2 e5 12. Nd2 bxc5 13. Bxh7+ Kh8 14.
O-O Qe6 15. Bd3 f5 16. dxc5 e4 17. Bb5 c6 18. Ba4 Na6 19. c4 Nxc5 20. cxd5 Qxd5
21. Rfc1 Rd8 22. Qxc5 Qxc5 23. Rxc5 Rxd2 24. Bxc6 Rb8 25. h3 Be6 26. Ra5 Bd7
27. Ba4 Rb7 28. Bb3 Kg7 29. Rd5 Rb2 30. Rad1 Rc2 31. Bxc2 Rb2 32. Rxd7 Rxc2 33.
Rxa7 Rc6 34. Rdd7 Rf6 35. f3 exf3 36. gxf3 1-0

[Event "Detroit (MCO/DEU/2a/14)"]
[Site "?"]
[Date "1994.??.??"]
[Round "?"]
[White "Prince, S."]
[Black "Jarvis, K."]
[Result "1-0"]
[WhiteElo "1605"]
[BlackElo "1605"]
[PlyCount "41"]
[EventDate "1994.??.??"]

1. e4 e5 2. Nf3 Nc6 3. Bb5 Nf6 4. Nc3 Bc5 5. O-O O-O 6. d3 d6 7. Bxc6 bxc6 8.
d4 exd4 9. Nxd4 d5 10. Nxc6 Qe8 11. exd5 Qd7 12. Ne5 Qd6 13. Bf4 Bb7 14. Nd3
Qd7 15. Nxc5 Qc8 16. Qf3 Rd8 17. Rad1 c6 18. d6 Ne8 19. d7 Rxd7 20. Rxd7 Nf6
21. Rxb7 1-0

[Event "Detroit (MCO/DEU/5/13)"]
[Site "?"]
[Date "1994.??.??"]
[Round "?"]
[White "Prince, S."]
[Black "Hudy, M."]
[Result "0-1"]
[WhiteElo "1605"]
[BlackElo "1605"]
[PlyCount "72"]
[EventDate "1994.??.??"]

{5/(13)} 1. e4 c5 2. Nf3 Nc6 3. d4 cxd4 4. Nxd4 g6 5. Nc3 Bg7 6. Be3 Nf6 7. Bc4
O-O 8. f3 a6 9. Qd2 b5 10. Bb3 Bb7 11. O-O-O Re8 12. Bh6 Bh8 13. h4 Ne5 14. h5
Nxh5 15. Rxh5 Qb6 16. Bf8 gxh5 17. Qf4 Kxf8 18. Nd5 Bxd5 19. Bxd5 Rac8 20. Rh1
Qf6 21. Qxf6 Bxf6 22. Bb7 Rc7 23. Bxa6 Nd3+ 24. Kd2 Bxd4 25. Kxd3 Bxb2 26. Rb1
Bg7 27. Rxb5 Rc6 28. Bb7 Rc3+ 29. Kd2 Rb8 30. a4 Rc7 31. Ba6 Rxb5 32. axb5 Bd4
33. Kd3 Bb6 34. c4 Kg7 35. Kc3 Kf6 36. f4 e5 0-1

[Event "Detroit (MOR/3/51)"]
[Site "?"]
[Date "1994.??.??"]
[Round "?"]
[White "Prince, S."]
[Black "Herzog, M."]
[Result "0-1"]
[WhiteElo "1605"]
[BlackElo "1605"]
[PlyCount "100"]
[EventDate "1994.??.??"]

{3/(51)} 1. d4 Nf6 2. c4 e6 3. Nc3 Bb4 4. Qc2 d5 5. a3 Bxc3+ 6. Qxc3 O-O 7. Bg5
c6 8. Nf3 Ne4 9. Bxd8 Nxc3 10. bxc3 Rxd8 11. cxd5 exd5 12. e3 Bf5 13. Be2 Nd7
14. O-O Nf6 15. Nd2 Ne4 16. Nxe4 Bxe4 17. f3 Bg6 18. Rad1 Re8 19. Kf2 Re7 20.
Bd3 Bxd3 21. Rxd3 f5 22. Re1 Rae8 23. Kg3 g5 24. f4 gxf4+ 25. Kxf4 Re4+ 26.
Kxf5 Rf8+ 27. Kg5 Kg7 28. g4 Rf6 29. h3 Rh6 30. Rh1 Ree6 31. Kf4 Rhf6+ 32. Kg3
h6 33. Rb1 Re7 34. Rb4 Ref7 35. c4 Kg6 36. Kh4 Rf1 37. cxd5 cxd5 38. Rb5 R7f3
39. Rxd5 Rh1 40. Rd6+ Kg7 41. Rd7+ Kg6 42. Rd6+ Kf7 43. Rxh6 Rfxh3+ 44. Kg5
Rxh6 45. d5 Rg6+ 46. Kf5 Rf1+ 47. Ke5 Rg5+ 48. Kd6 b6 49. Kc7 Rg7 50. d6 Rc1+
0-1

[Event "Detroit (Beg/4/6)"]
[Site "?"]
[Date "1994.??.??"]
[Round "?"]
[White "Prince, S."]
[Black "Choate, Dan"]
[Result "1-0"]
[WhiteElo "1605"]
[BlackElo "1605"]
[PlyCount "69"]
[EventDate "1994.??.??"]

{4/(6)} 1. e4 e5 2. Nf3 f6 3. d3 h6 4. b3 d5 5. Ba3 Bxa3 6. Nxa3 d4 7. Nh4 Ne7
8. Qh5+ Kf8 9. Ng6+ Nxg6 10. Qxg6 Qe8 11. Qg3 g5 12. O-O-O b5 13. h4 Qe7 14.
Nxb5 c6 15. hxg5 fxg5 16. Qf3+ Kg8 17. Nxd4 exd4 18. g3 Na6 19. Rh5 Qa3+ 20.
Kd2 Qb4+ 21. Ke2 Qe7 22. Bh3 Bxh3 23. Rxh3 Rf8 24. Qh1 h5 25. Rxh5 Qg7 26.
Rxh8+ Qxh8 27. Qxh8+ Kxh8 28. Rh1+ Kg8 29. Rh5 g4 30. Rg5+ Kf7 31. Rxg4 Nb4 32.
f4 Nxa2 33. f5 Kf6 34. Rg6+ Ke5 35. Re6# 1-0

[Event "Detroit (Beg/5/4)"]
[Site "?"]
[Date "1994.??.??"]
[Round "?"]
[White "Priebe, Raymond"]
[Black "Rahimzadeh, G."]
[Result "0-1"]
[WhiteElo "1605"]
[BlackElo "1605"]
[PlyCount "38"]
[EventDate "1994.??.??"]

{5/(4)} 1. d4 Nf6 2. e3 d5 3. Bd3 e6 4. Nf3 Bd6 5. O-O O-O 6. Nbd2 Bd7 7. c3
Re8 8. c4 c5 9. Qb3 Qc7 10. Qc3 e5 11. dxc5 Qxc5 12. Nb3 Qc7 13. c5 e4 14. cxd6
Qxd6 15. Bxe4 Nxe4 16. Qd3 Qg6 17. Qxd5 Bh3 18. g4 Qxg4+ 19. Kh1 Qg2# 0-1

[Event "Grand Rapids (MI Am/4/36)"]
[Site "?"]
[Date "1994.??.??"]
[Round "?"]
[White "Priebe, Raymond"]
[Black "Nolan, Dan"]
[Result "1-0"]
[WhiteElo "1605"]
[BlackElo "1605"]
[PlyCount "61"]
[EventDate "1994.??.??"]

{4/(36)} 1. e4 c5 2. Nf3 Nc6 3. Bc4 Nf6 4. Nc3 g6 5. d4 d6 6. d5 Na5 7. Bb5+
Bd7 8. a4 Bg7 9. e5 Bxb5 10. axb5 Nh5 11. Qe2 O-O 12. Bg5 Qd7 13. e6 Qd8 14.
Bxe7 Qxe7 15. Rxa5 Nf4 16. exf7+ Kxf7 17. Qxe7+ Kxe7 18. O-O Bxc3 19. bxc3 Ne2+
20. Kh1 Nxc3 21. Re1+ Kf6 22. Re6+ Kf5 23. Rxd6 Ke4 24. Re6+ Kxd5 25. Re5+ Kd6
26. h3 b6 27. Ra3 Nxb5 28. Rd3+ Kc6 29. Re6+ Kc7 30. Re7+ Kc6 31. Ne5# 1-0

[Event "Grand Rapids (MI Am/2/25)"]
[Site "?"]
[Date "1994.??.??"]
[Round "?"]
[White "Priebe, Raymond"]
[Black "Nixon, Peter"]
[Result "1/2-1/2"]
[WhiteElo "1605"]
[BlackElo "1605"]
[PlyCount "56"]
[EventDate "1994.??.??"]

{2/(25)} 1. e4 c5 2. Nf3 Nc6 3. Bc4 e6 4. d3 Be7 5. Bf4 d6 6. d4 cxd4 7. Nxd4
Nxd4 8. Qxd4 e5 9. Qd5 Be6 10. Qb5+ Bd7 11. Qd5 Be6 12. Qb5+ Qd7 13. Qxd7+ Bxd7
14. Bg3 Rc8 15. Nd2 Nf6 16. Bh4 Nxe4 17. Bd3 Nxd2 18. Bxe7 Kxe7 19. Kxd2 d5 20.
f3 f5 21. c3 Kf6 22. Rhf1 Rhe8 23. Be2 e4 24. fxe4 dxe4 25. g4 g6 26. Ke3 Ke5
27. Rad1 f4+ 28. Rxf4 Bc6 1/2-1/2

[Event "Romulus (RVO/3/28)"]
[Site "?"]
[Date "1994.??.??"]
[Round "?"]
[White "Priebe, Raymond"]
[Black "Lauer, R."]
[Result "1-0"]
[WhiteElo "1605"]
[BlackElo "1605"]
[PlyCount "105"]
[EventDate "1994.??.??"]

{3/(28)} 1. e4 g6 2. d4 e6 3. Nc3 Bg7 4. e5 b6 5. Nf3 Bb7 6. Bd3 d6 7. Bf4 Nc6
8. Bb5 Nge7 9. Bg5 O-O 10. Ne4 dxe5 11. Nf6+ Bxf6 12. Bxf6 exd4 13. Bxc6 Bxc6
14. Qxd4 Qxd4 15. Nxd4 Bxg2 16. Rg1 Be4 17. Bxe7 Rfe8 18. Bf6 Bxc2 19. Nxc2 e5
20. O-O-O Re6 21. Rd8+ Rxd8 22. Bxd8 c5 23. Rd1 h5 24. Rd7 a6 25. Ne3 f5 26.
Nd5 b5 27. Nf6+ Kf8 28. Rh7 e4 29. Nd7+ Ke8 30. Nxc5 Rc6 31. Rh8+ Kf7 32. Rh7+
Ke8 33. Rc7 Rd6 34. Bg5 b4 35. Rc8+ Kf7 36. Kb1 a5 37. Nb7 Ra6 38. Rc5 a4 39.
Rc4 Rb6 40. Nd8+ Ke8 41. Rc7 Rd6 42. Nb7 Rb6 43. Be7 b3 44. Nd6+ Rxd6 45. Bxd6
bxa2+ 46. Kxa2 g5 47. Ka3 g4 48. Rc5 Kd7 49. Bf4 Ke6 50. Kxa4 h4 51. b4 Kf6 52.
Rc6+ Kf7 53. b5 1-0

[Event "Romulus (RVO/1/23)"]
[Site "?"]
[Date "1994.??.??"]
[Round "?"]
[White "Priebe, Raymond"]
[Black "Key_Smith, G."]
[Result "0-1"]
[WhiteElo "1605"]
[BlackElo "1810"]
[PlyCount "70"]
[EventDate "1994.??.??"]

{1/(23)} 1. e4 e6 2. d4 d5 3. e5 c5 4. Bb5+ Bd7 5. Nc3 Bxb5 6. Nxb5 Qa5+ 7. Nc3
cxd4 8. Qxd4 Nc6 9. Qf4 d4 10. Bd2 dxc3 11. Bxc3 Bb4 12. Ne2 Bxc3+ 13. Nxc3
Qxe5+ 14. Qe3 Qxe3+ 15. fxe3 Nf6 16. O-O O-O 17. e4 Rfd8 18. Rfe1 Rd2 19. e5
Ng4 20. Re2 Rad8 21. Rae1 Rxe2 22. Rxe2 Ngxe5 23. h3 a6 24. b3 f5 25. Kf2 Kf7
26. Na4 b5 27. Nc5 a5 28. c4 bxc4 29. bxc4 Nd3+ 30. Nxd3 Rxd3 31. Re3 Rd2+ 32.
Re2 Rxe2+ 33. Kxe2 e5 34. Ke3 Ke6 35. g3 Kd6 0-1

[Event "Gaylord (NMO/4/7)"]
[Site "?"]
[Date "1994.??.??"]
[Round "?"]
[White "Priebe, Raymond"]
[Black "Foote, Greg"]
[Result "0-1"]
[WhiteElo "1605"]
[BlackElo "1705"]
[PlyCount "68"]
[EventDate "1994.??.??"]

{4/(7)} 1. d4 Nf6 2. c4 c5 3. d5 b5 4. b3 g6 5. Bb2 Qb6 6. cxb5 a6 7. a4 Bg7 8.
Nd2 axb5 9. axb5 Rxa1 10. Qxa1 Qxb5 11. e4 Qb6 12. Bxf6 exf6 13. Bc4 O-O 14.
Ngf3 f5 15. e5 d6 16. O-O Nd7 17. Re1 Re8 18. Qa4 dxe5 19. Nxe5 Rxe5 20. Rxe5
Bxe5 21. Qc6 Qxc6 22. dxc6 Nb8 23. Nf3 Nxc6 24. Bb5 Nd4 25. Nxe5 Nxb5 26. Kf1
Be6 27. Nc4 Bxc4+ 28. bxc4 Na3 29. Ke2 Nxc4 30. Kd3 Nb6 31. Kc3 Kg7 32. g3 g5
33. f4 gxf4 34. gxf4 Kg6 0-1

[Event "Detroit (Beg/3/12)"]
[Site "?"]
[Date "1994.??.??"]
[Round "?"]
[White "Priebe, Raymond"]
[Black "Dangremond, D."]
[Result "1-0"]
[WhiteElo "1605"]
[BlackElo "1605"]
[PlyCount "73"]
[EventDate "1994.??.??"]

{3/(12)} 1. d4 d5 2. e3 Nf6 3. Bd3 Bg4 4. Ne2 e6 5. Nbc3 Bd6 6. O-O O-O 7. f3
Bh5 8. Nb5 Nc6 9. c3 a6 10. Nxd6 Qxd6 11. e4 dxe4 12. fxe4 Qe7 13. h3 Rad8 14.
e5 Nd5 15. Qe1 Bxe2 16. Qxe2 f6 17. exf6 Nxf6 18. Bf4 Nd5 19. Qe4 Nxf4 20.
Qxh7+ Kf7 21. Rxf4+ Ke8 22. Rg4 Rf7 23. Bg6 Kd7 24. Bxf7 Qxf7 25. Rxg7 Qxg7 26.
Qxg7+ Kc8 27. Re1 Rd7 28. Qf6 b6 29. Qxe6 Nd8 30. Qg8 Kb7 31. d5 c6 32. c4 cxd5
33. cxd5 Kc7 34. Re8 Rd6 35. Re7+ Rd7 36. Qg3+ Kc8 37. Qg4 1-0

[Event "Gaylord (NMO/1/8)"]
[Site "?"]
[Date "1994.??.??"]
[Round "?"]
[White "Priebe, Raymond"]
[Black "Burris, D."]
[Result "0-1"]
[WhiteElo "1605"]
[BlackElo "1740"]
[PlyCount "60"]
[EventDate "1994.??.??"]

{1/(8)} 1. d4 Nf6 2. Nc3 d5 3. Bg5 e6 4. Nf3 Nbd7 5. e3 Be7 6. Bb5 c6 7. Bd3 h6
8. Bh4 Qb6 9. b3 Qa5 10. Qd2 Bb4 11. O-O Bxc3 12. Qe2 Bxa1 13. Bxf6 Nxf6 14.
Ne5 Bc3 15. Qf3 c5 16. Qg3 Rg8 17. Bg6 Rf8 18. Nxf7 Rxf7 19. Qd6 Qb6 20. dxc5
Qxd6 21. cxd6 Kf8 22. Bxf7 Kxf7 23. f3 Be5 24. e4 Bxd6 25. f4 dxe4 26. f5 exf5
27. Rxf5 Bxf5 28. h3 Bg3 29. Kf1 Rc8 30. c4 Nh5 0-1

[Event "Detroit (MI Op/4/38)"]
[Site "?"]
[Date "1994.??.??"]
[Round "?"]
[White "Potter, George"]
[Black "Kulbacki, James"]
[Result "1-0"]
[WhiteElo "1840"]
[BlackElo "2005"]
[PlyCount "155"]
[EventDate "1994.??.??"]

{4/(38)} 1. e4 e5 2. Nf3 Nc6 3. Bc4 Bc5 4. O-O Nf6 5. d3 d6 6. Be3 Bg4 7. Bxc5
dxc5 8. Nbd2 Nd4 9. Re1 Qe7 10. Re3 O-O-O 11. c3 Nxf3+ 12. Nxf3 h5 13. Qb3 Rd7
14. Ng5 c6 15. Bxf7 Nh7 16. Nxh7 Rxh7 17. Bc4 b5 18. Bxb5 Be6 19. Bc4 Rh6 20.
Bxe6 Rxe6 21. Rf3 g5 22. Rd1 Rg6 23. Qc2 g4 24. Re3 h4 25. f3 Qg5 26. Qe2 gxf3
27. Rxf3 Rdg7 28. Rd2 Qd8 29. Qf1 Rg8 30. Rdf2 Qg5 31. Rf8+ Rxf8 32. Rxf8+ Kc7
33. Qf7+ Kd6 34. Rd8+ Qxd8 35. Qxg6+ Kc7 36. Qf7+ Kb6 37. Qb3+ Kc7 38. Qc2 Qg5
39. h3 Qe3+ 40. Kf1 Qf4+ 41. Ke1 Qe3+ 42. Qe2 Qc1+ 43. Kf2 Qf4+ 44. Qf3 Qd2+
45. Kg1 Qxb2 46. Qf7+ Kc8 47. Qe8+ Kb7 48. Qe7+ Kb6 49. Qxe5 Qb1+ 50. Kh2 Qxd3
51. Qb8+ Ka6 52. Qe5 Qd2 53. Qc7 Qxc3 54. Qxc6+ Ka5 55. Qc7+ Ka6 56. a4 Qd3 57.
Qxc5 Qg3+ 58. Kh1 Qe1+ 59. Qg1 Qxe4 60. Qf1+ Kb7 61. Qf3 Qxf3 62. gxf3 Kc6 63.
Kg2 Kd5 64. Kf2 Ke5 65. Ke3 a5 66. f4+ Ke6 67. Ke4 Kf6 68. f5 Kf7 69. Kf4 Kg7
70. Kg5 Kf7 71. Kxh4 Kf6 72. Kg4 Kf7 73. Kg5 Kg7 74. h4 Kf7 75. f6 Kf8 76. Kg6
Kg8 77. f7+ Kf8 78. h5 1-0

[Event "Detroit (MI Op/2/24)"]
[Site "?"]
[Date "1994.??.??"]
[Round "?"]
[White "Potter, George"]
[Black "Kebrdle, M."]
[Result "0-1"]
[WhiteElo "1840"]
[BlackElo "2060"]
[PlyCount "202"]
[EventDate "1994.??.??"]

{2/(24)} 1. e4 c6 2. d4 d5 3. e5 Bf5 4. Bd3 Bxd3 5. Qxd3 e6 6. Be3 Qa5+ 7. Qd2
Qa6 8. Ne2 Nd7 9. f4 Ne7 10. O-O Nf5 11. Bf2 h5 12. Ng3 Nxg3 13. Bxg3 g6 14. c3
c5 15. Qd1 Qb6 16. b3 cxd4 17. cxd4 Rc8 18. Bf2 Bh6 19. g3 O-O 20. Nd2 Rc6 21.
Rc1 Rfc8 22. Rxc6 Qxc6 23. a4 Qc2 24. Qxc2 Rxc2 25. Be1 Bf8 26. Rf3 Bb4 27. Rd3
Nb8 28. Nf3 Nc6 29. Bxb4 Nxb4 30. Re3 Kf8 31. Kf1 Ke7 32. Ke1 a5 33. Kd1 Rf2
34. Rc3 Nc6 35. Ke1 Rb2 36. Rd3 Rc2 37. Nd2 Nb4 38. Re3 Rc1+ 39. Kf2 Nc6 40.
Rd3 Kd7 41. Nf3 Rc2+ 42. Ke1 Nb4 43. Re3 Rb2 44. Rc3 Nc6 45. Kd1 Rb1+ 46. Kd2
Rb2+ 47. Ke3 Nb4 48. Ng5 Rxh2 49. Nxf7 Nc2+ 50. Kd3 Ne1+ 51. Ke3 Nc2+ 52. Kd3
Nb4+ 53. Ke3 Nc6 54. Rd3 Ne7 55. Nd6 Nf5+ 56. Nxf5 gxf5 57. Kf3 h4 58. gxh4
Rh3+ 59. Ke2 Rxh4 60. Rf3 Kc6 61. Kd3 b5 62. Kc3 b4+ 63. Kd2 Rh2+ 64. Kd1 Kd7
65. Ke1 Ke7 66. Rg3 Kf7 67. Rf3 Rg2 68. Rh3 Kg6 69. Rf3 Kh5 70. Rh3+ Kg4 71.
Rh6 Kxf4 72. Rxe6 Ke3 73. Kf1 Rd2 74. Rf6 f4 75. e6 f3 76. Kg1 Rxd4 77. Rf5 Re4
78. Rxd5 Rxe6 79. Rxa5 Ke2 80. Rf5 Rg6+ 81. Kh2 f2 82. Re5+ Kf1 83. Rf5 Rh6+
84. Kg3 Kg1 85. Rxf2 Rg6+ 86. Kf3 Rf6+ 87. Ke3 Rxf2 88. Kd3 Rf4 89. a5 Kf2 90.
a6 Rf6 91. Kc4 Rxa6 92. Kxb4 Ke3 93. Kb5 Ra1 94. Kc5 Ke4 95. b4 Rc1+ 96. Kd6
Rb1 97. Kc5 Ke5 98. b5 Rc1+ 99. Kb6 Kd6 100. Kb7 Kc5 101. b6 Rb1 0-1

[Event "Detroit (MI Op/6/28)"]
[Site "?"]
[Date "1994.??.??"]
[Round "?"]
[White "Potter, George"]
[Black "Aldrich, Jeff"]
[Result "1-0"]
[WhiteElo "1840"]
[BlackElo "1950"]
[PlyCount "76"]
[EventDate "1994.??.??"]

{6/(28)} 1. e4 c6 2. d4 d5 3. e5 Bf5 4. Bd3 Bxd3 5. Qxd3 e6 6. Ne2 Ne7 7. Bg5
Qa5+ 8. Nd2 c5 9. c3 Nec6 10. O-O Nd7 11. a3 Qc7 12. Rac1 h6 13. Bh4 Ne7 14. f4
Nf5 15. Bf2 h5 16. Nf3 c4 17. Qd2 Be7 18. Ng3 Nxg3 19. Bxg3 h4 20. Bf2 Qd8 21.
Rce1 Rh5 22. Be3 Nf8 23. Qd1 g6 24. Bc1 Nh7 25. Rf2 Qd7 26. Ref1 b5 27. Qc2 a5
28. g4 hxg3 29. hxg3 a4 30. g4 Rh3 31. Kg2 Rxf3 32. Rxf3 O-O-O 33. Rh3 Nf8 34.
Rh8 f5 35. g5 Kb7 36. Rfh1 Ka6 37. Qf2 Qb7 38. Qh4 Rd7 $138 1-0

[Event "Grand Rapids (MI Am/5/9)"]
[Site "?"]
[Date "1994.??.??"]
[Round "?"]
[White "Posthumus, J."]
[Black "Velasquez, A."]
[Result "0-1"]
[WhiteElo "1855"]
[BlackElo "1645"]
[PlyCount "106"]
[EventDate "1994.??.??"]

{5/(9)} 1. d4 Nf6 2. c4 g6 3. Nc3 Bg7 4. Nf3 d6 5. g3 O-O 6. Bg2 c5 7. d5 Na6
8. O-O Nc7 9. h3 Bd7 10. a4 a6 11. a5 Rb8 12. e4 b5 13. axb6 Rxb6 14. Re1 Qc8
15. Kh2 Qb7 16. Re2 Rb4 17. Qd3 Na8 18. Ra2 Nb6 19. Nd2 Na4 20. Nxa4 Bxa4 21.
f4 Rb8 22. e5 Ne8 23. Qa3 Nc7 24. Re3 Bb3 25. Nxb3 Rxb3 26. Rxb3 Qxb3 27. Qa5
Qb6 28. exd6 exd6 29. Qxb6 Rxb6 30. Be4 f5 31. Bc2 Ne8 32. b3 Nf6 33. Bb2 Ne4
34. Bxg7 Kxg7 35. Ra1 Nd2 36. Rd1 Nf3+ 37. Kg2 Nd4 38. Rxd4 cxd4 39. Kf3 d3 40.
Bd1 Rb8 41. Ke3 Re8+ 42. Kxd3 Kf6 43. Kd2 g5 44. fxg5+ Kxg5 45. Bf3 f4 46.
gxf4+ Kxf4 47. Bg4 Re3 48. Kc2 Ke4 49. Kb2 Kd4 50. Be6 Kc5 51. Ka3 Rc3 52. Kb2
Kb4 53. Bc8 Rxb3+ 0-1

[Event "Grand Rapids (MI Am/3/17)"]
[Site "?"]
[Date "1994.??.??"]
[Round "?"]
[White "Posthumus, J."]
[Black "Khraizat, Ali"]
[Result "1-0"]
[WhiteElo "1855"]
[BlackElo "1605"]
[PlyCount "39"]
[EventDate "1994.??.??"]

{3/(17)} 1. d4 g6 2. c4 Bg7 3. Nf3 e6 4. Nc3 Ne7 5. Bf4 d5 6. e3 Nd7 7. Rc1 Nf6
8. Nb5 O-O 9. Nxc7 Rb8 10. Nb5 Ra8 11. h3 Ne4 12. a3 Nf5 13. Be2 a6 14. Nc3 Qa5
15. O-O dxc4 16. Nxe4 b5 17. Nc5 Ra7 18. Ne5 Bb7 19. Nxb7 Rxb7 20. Bf3 1-0

[Event "Grand Rapids (MI Am/1/13)"]
[Site "?"]
[Date "1994.??.??"]
[Round "?"]
[White "Posthumus, J."]
[Black "Brelitch, D."]
[Result "0-1"]
[WhiteElo "1855"]
[BlackElo "1605"]
[PlyCount "76"]
[EventDate "1994.??.??"]

{1/(13)} 1. d4 Nf6 2. c4 d6 3. Nc3 g6 4. g3 Bg7 5. Bg2 O-O 6. Nf3 Nbd7 7. e4 c5
8. d5 a6 9. a4 Qa5 10. O-O Rb8 11. Ra3 Ng4 12. Bg5 Re8 13. Nd2 Nge5 14. Qe2 Nf6
15. h3 e6 16. f4 Ned7 17. dxe6 Rxe6 18. Qd3 Qb6 19. Rb3 Qa5 20. Bxf6 Bxf6 21.
Ra3 Bxc3 22. Qxc3 Qxc3 23. Rxc3 b5 24. axb5 axb5 25. Ra1 b4 26. Rd3 Kg7 27. h4
Nf6 28. Ra7 Rb6 29. Bf3 Ra6 30. Rxa6 Bxa6 31. Kf2 h5 32. f5 gxf5 33. exf5 Re5
34. Rxd6 Bc8 35. Nb3 Rxf5 36. Kg2 Be6 37. Rc6 Bxc4 38. Nxc5 Rxf3 $138 0-1

[Event "Flint (MI Senior/1/1)"]
[Site "?"]
[Date "1994.??.??"]
[Round "?"]
[White "Poschel, Paul"]
[Black "Rostrom, Richard"]
[Result "1-0"]
[WhiteElo "2285"]
[BlackElo "1605"]
[PlyCount "47"]
[EventDate "1994.??.??"]

{1/(1)} 1. c4 Nf6 2. Nc3 g6 3. e4 d6 4. d4 Bg7 5. f4 Bg4 6. Be2 Bxe2 7. Qxe2
O-O 8. e5 dxe5 9. fxe5 Ne8 10. Nf3 e6 11. Bg5 Qc8 12. Be7 Nd7 13. O-O c5 14. d5
Bh8 15. Bxf8 Nxf8 16. Ng5 f5 17. exf6 Bxf6 18. Nxe6 Nxe6 19. dxe6 Bd4+ 20. Kh1
Ng7 21. Rae1 Nf5 22. Nd5 Qf8 23. Rxf5 gxf5 24. e7 1-0

[Event "Flint (MI Senior/3/1)"]
[Site "?"]
[Date "1994.??.??"]
[Round "?"]
[White "Poschel, Paul"]
[Black "Pence, Mark"]
[Result "1-0"]
[WhiteElo "2285"]
[BlackElo "2125"]
[PlyCount "37"]
[EventDate "1994.??.??"]

{3/(1)} 1. c4 Nf6 2. Nc3 e6 3. e4 d5 4. e5 d4 5. exf6 dxc3 6. bxc3 Qxf6 7. d4
e5 8. Qe2 Bd6 9. f4 e4 10. Qxe4+ Kd8 11. Nf3 Re8 12. Ne5 Nc6 13. Be2 Bf5 14.
Qf3 Qe7 15. Kf2 f6 16. Nxc6+ bxc6 17. c5 Bxc5 18. dxc5 Be4 19. Rd1+ 1-0

[Event "Novi (MI Women/3/10)"]
[Site "?"]
[Date "1994.??.??"]
[Round "?"]
[White "Poremsky, S."]
[Black "McFolley, D."]
[Result "1-0"]
[WhiteElo "1605"]
[BlackElo "1605"]
[PlyCount "63"]
[EventDate "1994.??.??"]

{3/(10)} 1. e4 e5 2. Bc4 Nc6 3. Qf3 f6 4. Nc3 Bd6 5. Nh3 Bc5 6. Ng1 d6 7. Nge2
Bd7 8. Ng3 g5 9. Nh5 g4 10. Qg3 Nd4 11. h3 c6 12. hxg4 Qc7 13. O-O O-O-O 14. g5
f5 15. Qh4 fxe4 16. g6 Rf8 17. gxh7 Nf6 18. Nxf6 Rxf6 19. Qxf6 Rxh7 20. Qf8+
Qd8 21. Qxd8+ Kxd8 22. Re1 Nxc2 23. Re2 Nxa1 24. Nxe4 Re7 25. Ng5 Rg7 26. Nf3
Bb4 27. Re4 Bxd2 28. Bxd2 Rf7 29. Ng5 Kc7 30. Nxf7 Nc2 31. Ba5+ Kb8 32. Rh4 1-0

[Event "Novi (MI Women/5/9)"]
[Site "?"]
[Date "1994.??.??"]
[Round "?"]
[White "Poremsky, S."]
[Black "Hickey, Ashley"]
[Result "1-0"]
[WhiteElo "1605"]
[BlackElo "1605"]
[PlyCount "60"]
[EventDate "1994.??.??"]

{5/(9)} 1. e4 e5 2. Bc4 Nf6 3. Qf3 Bc5 4. g4 O-O 5. g5 Nc6 6. gxf6 d6 7. Qh3
Bxh3 8. Nxh3 Bxf2+ 9. Nxf2 Qxf6 10. Rg1 Qd8 11. d3 Ne7 12. Bg5 a5 13. Nc3 Qe8
14. O-O-O a4 15. h4 a3 16. bxa3 h6 17. Be3 g6 18. Ng4 d5 19. Nf6+ Kg7 20. Nxe8+
Rfxe8 21. Bb5 Rh8 22. exd5 Nf5 23. Bf2 c6 24. Bc4 h5 25. Bb3 Ne7 26. d6 Rad8
27. dxe7 Rde8 28. Bc5 Ra8 29. Bd6 f5 30. Bxe5+ {[Remainder illegible; 1-0, 54?]
} Kh6 1-0

[Event "Flint (MI Coll/1)"]
[Site "?"]
[Date "1994.??.??"]
[Round "?"]
[White "Pope, Nick"]
[Black "Kamberi, Sonny"]
[Result "0-1"]
[WhiteElo "1865"]
[BlackElo "2035"]
[PlyCount "84"]
[EventDate "1994.??.??"]

1. e4 e6 2. d4 d5 3. exd5 exd5 4. Nf3 Bg4 5. Bd3 Bd6 6. O-O Ne7 7. Nbd2 Nbc6 8.
c3 Qd7 9. Re1 O-O 10. Nf1 Bf5 11. Ne3 Bxd3 12. Qxd3 Rfe8 13. Bd2 Ng6 14. Qf5
Qxf5 15. Nxf5 Bf8 16. Re3 Rxe3 17. Nxe3 Nce7 18. Re1 f6 19. Kf1 Kf7 20. g3 Re8
21. Ng2 c6 22. h4 h5 23. Ng1 Nc8 24. Rxe8 Kxe8 25. Nh3 Kf7 26. Nhf4 Nxf4 27.
Bxf4 Be7 28. Ke2 Nb6 29. Kd3 Ke6 30. Bc7 g5 31. hxg5 fxg5 32. Be5 Nc4 33. Bb8
Nxb2+ 34. Kc2 Nc4 35. Bxa7 h4 36. gxh4 gxh4 37. Bb8 Kf5 38. Nf4 Bd6 39. Bxd6
Nxd6 40. Ng2 h3 41. Ne3+ Kf4 42. Nf1 Kf3 0-1

[Event "Flint (MI Coll/4)"]
[Site "?"]
[Date "1994.??.??"]
[Round "?"]
[White "Pope, Nick"]
[Black "Conlon, Russell"]
[Result "0-1"]
[WhiteElo "1865"]
[BlackElo "1840"]
[PlyCount "52"]
[EventDate "1994.??.??"]

1. e4 d5 2. exd5 Nf6 3. d4 Nxd5 4. c4 Nb6 5. Be3 e5 6. a3 exd4 7. Qxd4 Qxd4 8.
Bxd4 Nc6 9. Bc3 Be6 10. b3 O-O-O 11. Nf3 Re8 12. Kd1 f6 13. Kc1 Bc5 14. Be1 Bg4
15. Bd3 Bxf3 16. gxf3 Nd4 17. Nd2 a5 18. Kb2 f5 19. Rd1 Nd7 20. Nb1 Bb6 21. Nc3
Ne5 22. Nd5 Nxd3+ 23. Rxd3 Re2+ 24. Rd2 Rhe8 25. Nxb6+ cxb6 26. Kc3 Nxf3 0-1

[Event "Flint (MI Coll/3)"]
[Site "?"]
[Date "1994.??.??"]
[Round "?"]
[White "Pope, Nick"]
[Black "Brewer, M."]
[Result "1-0"]
[WhiteElo "1865"]
[BlackElo "1605"]
[PlyCount "91"]
[EventDate "1994.??.??"]

1. e4 d5 2. exd5 Nf6 3. Bb5+ Bd7 4. Bc4 Bg4 5. Bb5+ Bd7 6. Bxd7+ Qxd7 7. Nf3
Nxd5 8. O-O Nc6 9. d4 e6 10. c3 Bd6 11. Nbd2 O-O-O 12. Nc4 Be7 13. a4 a5 14.
Nce5 Nxe5 15. Nxe5 Qe8 16. Qg4 Rg8 17. Nc4 Nf6 18. Qf3 Rd5 19. Ne3 Rd6 20. Rd1
Qc6 21. Qxc6 Rxc6 22. Kf1 Rd8 23. Ke2 Ne4 24. f3 Nd6 25. d5 Rb6 26. dxe6 fxe6
27. Rb1 Bg5 28. b3 Rc6 29. c4 Bxe3 30. Bxe3 Nf5 31. Rxd8+ Kxd8 32. Rd1+ Ke7 33.
Bg5+ Kf7 34. Rd7+ Ke8 35. Rd8+ Kf7 36. Bd2 Rd6 37. Rxd6 cxd6 38. Kd3 b6 39. g4
Ne7 40. Be3 Nc8 41. Kc3 Kf6 42. b4 Ke5 43. bxa5 bxa5 44. Kd3 g6 45. Bg5 d5 46.
c5 1-0

[Event "Flint (MI Ch Spon/2)"]
[Site "?"]
[Date "1994.??.??"]
[Round "?"]
[White "Pontoni, M."]
[Black "Hickey, Gene"]
[Result "0-1"]
[WhiteElo "1605"]
[BlackElo "2085"]
[PlyCount "44"]
[EventDate "1994.??.??"]

1. e4 b6 2. c4 Bb7 3. Nc3 e5 4. f4 exf4 5. d4 Qh4+ 6. Ke2 Nc6 7. Nf3 Qh6 8. g3
g5 9. gxf4 gxf4 10. Nd5 O-O-O 11. Bxf4 Qe6 12. Ng5 Qg4+ 13. Ke3 Nh6 14. Bh3 Qh4
15. Qe1 Qh5 16. Nf6 Qg6 17. Nd5 f6 18. Nf3 Nb4 19. Rc1 Re8 20. Nxf6 Rxe4+ 21.
Nxe4 Qxe4+ 22. Kd2 Qd3# 0-1

[Event "Flint (MI YJ Spon/2)"]
[Site "?"]
[Date "1994.??.??"]
[Round "?"]
[White "Pontoni, M."]
[Black "Distefano, R."]
[Result "1-0"]
[WhiteElo "1605"]
[BlackElo "1605"]
[PlyCount "91"]
[EventDate "1994.??.??"]

1. e4 c5 2. d4 cxd4 3. c3 dxc3 4. Nxc3 Nc6 5. g3 Nf6 6. Bg2 g6 7. Bg5 Bg7 8.
Nge2 O-O 9. O-O Re8 10. Nd4 Nxd4 11. Qxd4 d6 12. Rad1 Bd7 13. e5 dxe5 14. Qxe5
Qc8 15. Nd5 Nxd5 16. Qxd5 Bc6 17. Qb3 Bxg2 18. Kxg2 Qc6+ 19. Kg1 Rac8 20. Rc1
Qd7 21. Rfd1 Rxc1 22. Rxc1 Rd8 23. Re1 Re8 24. Re4 h6 25. Be3 a6 26. Rb4 b5 27.
Rf4 Bf6 28. Bd4 Bxd4 29. Qxf7+ Kh8 30. Qxg6 Bg7 31. Rf7 Qd4 32. Rxg7 Qxg7 33.
Qxe8+ Kh7 34. Qc6 Qf6 35. Qxf6 exf6 36. Kg2 Kg6 37. Kf3 Kf5 38. g4+ Ke5 39. Ke3
a5 40. f4+ Kd5 41. Kd3 b4 42. h4 a4 43. g5 a3 44. b3 fxg5 45. fxg5 h5 46. g6
1-0

[Event "Detroit (Class A/3/6)"]
[Site "?"]
[Date "1994.??.??"]
[Round "?"]
[White "Poenisch, Volker"]
[Black "Triplett, Thomas"]
[Result "1/2-1/2"]
[WhiteElo "1825"]
[BlackElo "1970"]
[PlyCount "27"]
[EventDate "1994.??.??"]

{3/(6)} 1. d4 Nf6 2. c4 g6 3. f3 Bg7 4. e4 d6 5. Nc3 O-O 6. Be3 e5 7. dxe5 dxe5
8. Qxd8 Rxd8 9. Nd5 Nxd5 10. cxd5 c6 11. Bc4 cxd5 12. Bxd5 Nc6 13. Rd1 Be6 14.
Bxe6 1/2-1/2